Most Popular Superhero Movies 1978-2010 - Statistics

General Stats
  • This quiz has been taken 55 times
  • The average score is 12 of 19
Answer Stats
Year Actor Superhero Movie % Correct
1989 Michael Keaton Batman
100%
2008 Gwyneth Paltrow Iron Man
96%
2002 Kirsten Dunst Spider-Man
90%
1978 Christopher Reeve Superman
90%
2000 Halle Berry X-Men
80%
2005 Chris Evans Fantastic Four
78%
2004 Alfred Molina Spider-Man 2
73%
1998 Wesley Snipes Blade
71%
2008 Morgan Freeman The Dark Knight
71%
2010 Sam Rockwell Iron Man 2
63%
2005 Liam Neeson Batman Begins
61%
1992 Danny DeVito Batman Returns
61%
2007 Thomas Haden Church Spider-Man 3
61%
2003 Jennifer Garner Daredevil
59%
2007 Jessica Alba Fantastic Four: Rise of the Silver Surfer
47%
2006 Patrick Stewart X-Men: The Last Stand
43%
1980 Gene Hackman Superman II
35%
2004 Holly Hunter The Incredibles
27%
2003 Anna Paquin X-2: X-Men United
20%
No matching quizzes found
Score Distribution
Percent of People with Each Score
Percentile by Number Answered
Your Score History
You have not taken this quiz